Szczegóły MARC21

Zarządzanie kryzysowe w samorządzie : podstawy organizacyjno-prawne /

003 -Nazwa inst., której nr kontr. jest w polu 001 [,]
    • @
    • Nazwa instytucji, której n kontrolny jest w polu 001
    • NUKAT
005 -DATA I CZAS OSTATNIEJ MODYFIKACJI [,]
    • @
    • pole kontrolne
    • 20241231092700.0
020 -Międzynarod. znormalizowany nr książki - ISBN [ , ]
    • a
    • Numer ISBN
    • 9788360096581 Find
020 -Międzynarod. znormalizowany nr książki - ISBN [ , ]
    • a
    • Numer ISBN
    • 8360096589 Find
040 -Instytucja sporządzająca opis [ , ]
    • a
    • Instytucja, która sporządziła opis (NP)
    • TOR U/JP
    • c
    • Instytucja, która sporządziła rekord (NP)
    • TOR U/JP
    • d
    • Instytucja, która zmodyfikowała rekord (P)
    • TOR U/AP
    • d
    • Instytucja, która zmodyfikowała rekord (P)
    • WA U/DNs
    • d
    • Instytucja, która zmodyfikowała rekord (P)
    • WR U/PAdjm
942 -Rodzaj dokumentu [ , ]
    • c
    • Rodzaj dokumentu
    • Książka
245 -Strefa tytułu i oznaczenia odpowiedzialności [0,0]
    • a
    • Tytuł
    • Zarządzanie kryzysowe w samorządzie : Find
    • b
    • Ciąg dalszy tytułu (NP)
    • podstawy organizacyjno-prawne / Find
    • c
    • Pozostałe elementy strefy tytułu i oznaczenia odpowiedzialności (NP)
    • pod red. Andrzeja Kurkiewicza ; [aut. rozdz. Ewa Bogacz-Wojtanowska et al.].
260 -Strefa adresu wydawniczego [ , ]
    • a
    • Miejsce wydania (P)
    • Warszawa :
    • b
    • Nazwa wydawcy (P)
    • "Municipium",
    • c
    • Data wydania (P)
    • 2008.
300 -Strefa opisu fizycznego [ , ]
    • a
    • Określenie formy książki i/lub objętość (NP)
    • 186, [1] s. ;
    • c
    • Format (NP)
    • 24 cm.
336 -Typ zawartości [ , ]
    • a
    • Termin opisujący typ zawartości
    • Tekst
    • b
    • Kod określający zawartość
    • txt
    • 2
    • Źródło (terminu i kodu)
    • rdacontent
337 -Typ mediów [ , ]
    • a
    • Tryb odtwarzania
    • Bez urządzenia pośredniczącego
    • b
    • Kod typu mediów
    • n
    • 2
    • Źródło (terminu i kodu)
    • rdamedia
338 -Typ/rodzaj nośnika [ , ]
    • a
    • Hasło opisujące typ nośnika
    • Wolumin
    • b
    • Kod typu nośnika
    • nc
    • 2
    • Źródło (terminu i kodu)
    • rdacarrier
500 -Uwaga ogólna [ , ]
    • a
    • Uwaga ogólna (NP)
    • Na okł.: Sytuacja kryzysowa, infrastruktura krytyczna, planowanie cywilne, struktury organizacyjne.
504 -Uwaga dot. bibliogr. załącznikowej [ , ]
    • a
    • Uwaga dot. bibliografii załącznikowej
    • Bibliogr. s. 141-150.
080 -Uniwersalna Klasyfikacja Dziesiętna [ , ]
    • 2
    • Identyfikator wydania tablic
    • UDC-P058
    • 9
    • UKD
    • 3625
    • a
    • Symbol klasyfikacji
    • 351.75
    • b
    • Dopowiedzenie
    • Porządek i bezpieczeństwo publiczne. Kontrola widowisk. Kontrola zrzeszania się i zgromadzeń. Nadzór nad bronią. Zezwolenia na broń.
    • 4
    • UKD2
    • 7642
    • x
    • Poddział wspólny
    • (438)
    • c
    • Dopowiedzenie poddz. wspólnego
    • (Polska).
    • 4
    • UKD2
    • 7665
    • x
    • Poddział wspólny
    • (075.8)
    • c
    • Dopowiedzenie poddz. wspólnego
    • (Podręczniki dla szkół wyższych. Skrypty).
080 -Uniwersalna Klasyfikacja Dziesiętna [ , ]
    • 2
    • Identyfikator wydania tablic
    • UDC-P058
    • 9
    • UKD
    • 2172
    • a
    • Symbol klasyfikacji
    • 005.334
    • b
    • Dopowiedzenie
    • Zarządzanie. Czynniki negatywne. Zarządzanie ryzykiem. Zagrożenia. Kryzys. Niedobór. Konflikty. Reklamacje. Straty.
    • 4
    • UKD2
    • 7642
    • x
    • Poddział wspólny
    • (438)
    • c
    • Dopowiedzenie poddz. wspólnego
    • (Polska).
    • 4
    • UKD2
    • 7665
    • x
    • Poddział wspólny
    • (075.8)
    • c
    • Dopowiedzenie poddz. wspólnego
    • (Podręczniki dla szkół wyższych. Skrypty).
650 -Hasło przedmiotowe [ ,7]
    • a
    • Hasło przedmiotowe
    • Zarządzanie kryzysowe
    • x
    • Określnik rzeczowy
    • prawo
    • z
    • Określnik geograficzny
    • Polska
    • v
    • Określnik formalny
    • legislacja.
    • 2
    • Źródło terminu
    • kaba
    • 9
    • KHW
    • 367569
980 -Symbol UKD [ , ]
    • a
    • UKD
    • 351.75:005.334](438)(075.8)
700 -Hasło dodatkowe - nazwa osobowa [1, ]
    • a
    • Nazwa osobowa (NP)
    • Bogacz-Wojtanowska, Ewa. Find
    • 9
    • KHW
    • 15821
700 -Hasło dodatkowe - nazwa osobowa [1, ]
    • a
    • Nazwa osobowa (NP)
    • Kurkiewicz, Andrzej Find
    • c
    • Dopowiedzenie inne niż daty biograficzne (NP)
    • (zarządzanie kryzysowe).
    • e
    • Określenie rodzaju współpracy
    • Red.
    • 9
    • KHW
    • 87593
920 -ISBN [ , ]
    • a
    • ISBN
    • 978-83-60096-58-1 Find
920 -ISBN [ , ]
    • a
    • ISBN
    • 83-60096-58-9 Find
Lokalizacja Data inwentaryzacji Numer inwentarzowy Sygnatura Status udost.
BE2016-02-18GW.3808351/354-3
BE2016-02-18GW.3809351/354-3
BE2016-02-18GW.3810351/354-3
BE2016-02-18GW.3817351/354-3
BG2016-02-18GW.3811351/354-3
BSA2016-02-18GW.3812SAG.38121
GW2016-02-18GW.3813351/354-3
GW2016-02-18GW.3814351/354-3
GW2016-02-18GW.3816351/354-3
H2016-02-18GW.3815GW.38151
T2018-08-27T.20399T.20399-2